[Event "Hessenliga 1213"]
[Site "Germany"]
[Date "2012.12.02"]
[Round "4.4"]
[White "Hoti, Safet"]
[Black "Steyer, Bernd"]
[Result "1/2-1/2"]
[WhiteElo "2115"]
[BlackElo "2169"]
[PlyCount "62"]
[EventDate "2012.09.16"]
[EventType "team-tourn"]
[EventRounds "9"]
[EventCountry "GER"]
[SourceTitle "EXT 2014"]
[Source "ChessBase"]
[SourceDate "2013.11.20"]
[SourceVersion "1"]
[SourceVersionDate "2013.11.20"]
[SourceQuality "1"]
[WhiteTeam "Heusenstamm"]
[BlackTeam "Eppstein"]
[WhiteTeamCountry "GER"]
[BlackTeamCountry "GER"]

1. d4 d5 2. c4 c6 3. cxd5 cxd5 4. Nc3 Nc6 5. e3 Nf6 6. Bd3 e6 7. Nf3 Be7 8. 0-0 0-0 9. a3 Nd7 10. e4 dxe4 11. Bxe4 f5 12. Bc2 Nf6 13. Re1 Nd5 14. Nxd5 exd5 15. b4 Bf6 16. Bb2 Re8 17. Qd2 Be6 18. Ba4 a6 19. Rac1 Rc8 20. Ne5 Bxe5 21. dxe5 b5 22. Bb3 Qd7 23. Rc5 Ne7 24. Rec1 Rxc5 25. Rxc5 Rc8 26. Qc2 Kf7 27. h3 h6 28. Bd4 Nc6 29. Bb2 Ne7 30. Bd4 Nc6 31. Bb2 Ne7 1/2-1/2

[Event "Hessenliga 1112"]
[Site "Germany"]
[Date "2012.05.13"]
[Round "9.5"]
[White "Steyer, Bernd"]
[Black "Duncker, Joachim"]
[Result "1/2-1/2"]
[WhiteElo "2169"]
[BlackElo "2271"]
[PlyCount "119"]
[EventDate "2011.09.25"]
[EventType "team-tourn"]
[EventRounds "9"]
[EventCountry "GER"]
[SourceTitle "EXT 2013"]
[Source "ChessBase"]
[SourceDate "2012.11.22"]
[SourceVersion "1"]
[SourceVersionDate "2012.11.22"]
[SourceQuality "1"]
[WhiteTeam "Eppstein"]
[BlackTeam "Marburg"]
[WhiteTeamCountry "GER"]
[BlackTeamCountry "GER"]

1. e4 d5 2. exd5 Qxd5 3. Nc3 Qa5 4. Nf3 Nf6 5. Bc4 Bf5 6. d3 e6 7. Qe2 c6 8. Bd2 Nbd7 9. Nd4 Qe5 10. Qxe5 Nxe5 11. Nxf5 exf5 12. Bb3 Bd6 13. Ne2 0-0 14. 0-0 Rfe8 15. Rfe1 Bc7 16. h3 Bb6 17. Ng3 g6 18. Bc3 Ned7 19. Rxe8+ Rxe8 20. Re1 Bc7 21. Rxe8+ Nxe8 22. Ne2 Nd6 23. Kf1 Nb5 24. Bd2 Nc5 25. Be3 Nxb3 26. axb3 a6 27. Nd4 Be5 28. Nxb5 axb5 29. d4 Bf6 30. Ke2 f4 31. Bxf4 Bxd4 32. c3 Bg7 33. Kd3 Kf8 34. Bd6+ Ke8 35. Bc5 Kd7 36. Bd4 Bh6 37. c4 Ke6 38. cxb5 cxb5 39. Bc3 Kd5 40. Bf6 Bf4 41. Kc3 Bd6 42. f3 h5 43. Kd3 Bg3 44. Bd4 f5 45. Be3 Be5 46. Bc1 Bf6 47. Bd2 Bxb2 48. Bg5 Be5 49. Be7 Bd4 50. Bd8 Bc5 51. Bf6 Bf8 52. Bg5 Kc5 53. Be3+ Kb4 54. Kc2 Bg7 55. Bd2+ Ka3 56. Bc1+ Kb4 57. Bd2+ Kc5 58. Kd3 Bf6 59. Be3+ Kd5 60. Bb6 1/2-1/2

[Event "Hessenliga 1112"]
[Site "Germany"]
[Date "2011.09.25"]
[Round "1.4"]
[White "Steyer, Bernd"]
[Black "Emmerich, Dirk"]
[Result "1/2-1/2"]
[WhiteElo "2169"]
[BlackElo "2226"]
[PlyCount "26"]
[EventDate "2011.09.25"]
[EventType "team-tourn"]
[EventRounds "9"]
[EventCountry "GER"]
[SourceTitle "EXT 2013"]
[Source "ChessBase"]
[SourceDate "2012.11.22"]
[SourceVersion "1"]
[SourceVersionDate "2012.11.22"]
[SourceQuality "1"]
[WhiteTeam "Eppstein"]
[BlackTeam "Dotzheim"]
[WhiteTeamCountry "GER"]
[BlackTeamCountry "GER"]

1. d4 g6 2. e4 Bg7 3. Nf3 d6 4. c3 Nf6 5. Bd3 0-0 6. 0-0 Nc6 7. Re1 e5 8. h3 Nh5 9. dxe5 dxe5 10. Bg5 Bf6 11. Bh6 Bg7 12. Bg5 Bf6 13. Bh6 Bg7 1/2-1/2

[Event "Hessenliga 1011"]
[Site "Germany"]
[Date "2011.02.13"]
[Round "6.4"]
[White "Steyer, Bernd"]
[Black "Foermes, Alexander"]
[Result "1-0"]
[WhiteElo "2169"]
[BlackElo "2100"]
[PlyCount "39"]
[EventDate "2010.09.26"]
[EventType "team-tourn"]
[EventRounds "9"]
[EventCountry "GER"]
[SourceTitle "EXT 2012"]
[Source "ChessBase"]
[SourceDate "2011.11.24"]
[SourceVersion "1"]
[SourceVersionDate "2011.11.24"]
[SourceQuality "1"]
[WhiteTeam "Eppstein"]
[BlackTeam "Marburg"]
[WhiteTeamCountry "GER"]
[BlackTeamCountry "GER"]

1. e4 e5 2. d4 exd4 3. Nf3 Nc6 4. Bc4 Nf6 5. Ng5 d5 6. exd5 Na5 7. Qxd4 Nxc4 8. Qxc4 Qxd5 9. Qe2+ Be7 10. 0-0 h6 11. Re1 Ng8 12. Nc3 Qc6 13. Nf3 a6 14. Nd4 Qd6 15. Be3 Bd7 16. Rad1 0-0-0 17. Qc4 Qb4 18. Qxf7 Qxb2 19. Nd5 Bf6 20. Ne6 1-0

[Event "Hessenliga 0910"]
[Site "Germany"]
[Date "2009.12.13"]
[Round "5.5"]
[White "Steyer, Bernd"]
[Black "Haenisch, Uwe"]
[Result "0-1"]
[WhiteElo "2169"]
[BlackElo "2178"]
[PlyCount "74"]
[EventDate "2009.09.20"]
[EventType "team-tourn"]
[EventRounds "9"]
[EventCountry "GER"]
[SourceTitle "EXT 2011"]
[Source "ChessBase"]
[SourceDate "2010.11.26"]
[SourceVersion "1"]
[SourceVersionDate "2010.11.26"]
[SourceQuality "1"]
[WhiteTeam "Eppstein"]
[BlackTeam "Kassel"]
[WhiteTeamCountry "GER"]
[BlackTeamCountry "GER"]

1. e4 Nf6 2. e5 Nd5 3. d4 d6 4. c4 Nb6 5. exd6 exd6 6. Nc3 Nc6 7. Bd3 g6 8. Nge2 Bg7 9. 0-0 0-0 10. c5 dxc5 11. dxc5 Nd7 12. Be3 Nde5 13. Bb5 Bf5 14. Bxc6 Nxc6 15. Qb3 Ne5 16. Rfd1 Qh4 17. Bf4 Nd3 18. Bg3 Qe7 19. Qxb7 Qxc5 20. Qxc7 Qxc7 21. Bxc7 Nxb2 22. Rd5 Rfe8 23. Rc1 Rac8 24. Ba5 Nc4 25. Bb4 a5 26. Bxa5 Nxa5 27. Rxa5 Bxc3 28. Nxc3 Rxc3 29. Rd1 Rc2 30. a4 Ra2 31. h3 Re4 32. g4 Be6 33. Ra8+ Kg7 34. a5 g5 35. Rdd8 Re1+ 36. Kg2 Ree2 37. h4 Rxf2+ 0-1

[Event "Hessenliga 0910"]
[Site "Germany"]
[Date "2009.11.01"]
[Round "3.5"]
[White "Steyer, Bernd"]
[Black "Kaiser, Richard"]
[Result "0-1"]
[WhiteElo "2169"]
[BlackElo "2210"]
[PlyCount "74"]
[EventDate "2009.09.20"]
[EventType "team-tourn"]
[EventRounds "9"]
[EventCountry "GER"]
[SourceTitle "EXT 2011"]
[Source "ChessBase"]
[SourceDate "2010.11.26"]
[SourceVersion "1"]
[SourceVersionDate "2010.11.26"]
[SourceQuality "1"]
[WhiteTeam "Eppstein"]
[BlackTeam "Bad Homburg"]
[WhiteTeamCountry "GER"]
[BlackTeamCountry "GER"]

1. e4 Nf6 2. Nc3 d6 3. d4 c6 4. Bg5 Nbd7 5. Nf3 e5 6. dxe5 dxe5 7. Bc4 Be7 8. a4 a5 9. 0-0 h6 10. Bxf6 Bxf6 11. Ne2 0-0 12. c3 Qb6 13. Qc2 Nc5 14. Ng3 g6 15. Rfd1 Kg7 16. Rd6 Qc7 17. Rd2 Bg4 18. b4 axb4 19. cxb4 Ne6 20. Ne2 Bxf3 21. gxf3 Ng5 22. Qc3 Rfd8 23. Rxd8 Rxd8 24. Ng3 Nh3+ 25. Kg2 Nf4+ 26. Kg1 Qd7 27. Bf1 Qd4 28. Rc1 Qa7 29. b5 cxb5 30. axb5 h5 31. Ra1 Qb6 32. Qe3 Qd6 33. Ne2 Bg5 34. Nxf4 Bxf4 35. Qa7 Rd7 36. Qa8 Qf6 37. Qe8 Rd8 0-1

[Event "Hessenliga 0809"]
[Site "Germany"]
[Date "2009.03.08"]
[Round "9.4"]
[White "Steyer, Bernd"]
[Black "Emmerich, Dirk"]
[Result "1-0"]
[WhiteElo "2146"]
[BlackElo "2186"]
[PlyCount "53"]
[EventDate "2008.09.14"]
[EventType "team-tourn"]
[EventRounds "9"]
[EventCountry "GER"]
[SourceTitle "EXT 2011"]
[Source "ChessBase"]
[SourceDate "2010.11.26"]
[SourceVersion "1"]
[SourceVersionDate "2010.11.26"]
[SourceQuality "1"]
[WhiteTeam "Eppstein"]
[BlackTeam "Dotzheim"]
[WhiteTeamCountry "GER"]
[BlackTeamCountry "GER"]

1. d4 g6 2. c3 Bg7 3. e4 d6 4. Bd3 e5 5. dxe5 dxe5 6. Nf3 Nd7 7. 0-0 Ngf6 8. Na3 0-0 9. Bg5 Qe7 10. Qe2 h6 11. Bh4 g5 12. Bg3 Nh5 13. Nc4 Nf4 14. Qc2 Nc5 15. Bxf4 gxf4 16. Rfd1 Bg4 17. b4 Ne6 18. Be2 f5 19. Ncxe5 Bxe5 20. Nxe5 Bxe2 21. Qxe2 Qg7 22. Nd7 Rfe8 23. exf5 Ng5 24. Qg4 f3 25. f6 Qg6 26. h4 Qe4 27. f7+ 1-0

[Event "Hessenliga 0809"]
[Site "Germany"]
[Date "2009.02.08"]
[Round "7.4"]
[White "Steyer, Bernd"]
[Black "Wind, Lutz"]
[Result "1-0"]
[WhiteElo "2146"]
[BlackElo "2183"]
[PlyCount "80"]
[EventDate "2008.09.14"]
[EventType "team-tourn"]
[EventRounds "9"]
[EventCountry "GER"]
[SourceTitle "EXT 2011"]
[Source "ChessBase"]
[SourceDate "2010.11.26"]
[SourceVersion "1"]
[SourceVersionDate "2010.11.26"]
[SourceQuality "1"]
[WhiteTeam "Eppstein"]
[BlackTeam "Lorsch"]
[WhiteTeamCountry "GER"]
[BlackTeamCountry "GER"]

1. e4 c5 2. c3 b6 3. d4 Bb7 4. Bd3 e6 5. Nh3 Nf6 6. f3 cxd4 7. cxd4 Nc6 8. Be3 e5 9. d5 Nb4 10. Bb5 Rc8 11. Nc3 Bc5 12. Bxc5 Rxc5 13. a3 Na6 14. Nf2 0-0 15. Qa4 Qc8 16. Nd3 Rc7 17. 0-0 d6 18. Nb4 Nb8 19. Bc6 a6 20. Bxb7 Qxb7 21. Rac1 Rfc8 22. Ne2 Rxc1 23. Rxc1 Rxc1+ 24. Nxc1 Qc7 25. Ncd3 Qc4 26. Qc2 Qxc2 27. Nxc2 a5 28. Ne3 Ne8 29. b3 Kf8 30. Nb2 Nd7 31. Nbc4 g6 32. Kf2 Ke7 33. Ke2 Nc7 34. a4 Na6 35. Kd3 Nb4+ 36. Kc3 Na6 37. Na3 Nc7 38. Kc4 Nb8 39. Nb5 Ne8 40. Na7 Nc7 1-0

[Event "Hessenliga 0809"]
[Site "Germany"]
[Date "2008.09.28"]
[Round "2.2"]
[White "Steyer, Bernd"]
[Black "Knickel, Aaron"]
[Result "1-0"]
[WhiteElo "2146"]
[BlackElo "2084"]
[PlyCount "120"]
[EventDate "2008.09.14"]
[EventType "team-tourn"]
[EventRounds "9"]
[EventCountry "GER"]
[SourceTitle "EXT 2011"]
[Source "ChessBase"]
[SourceDate "2010.11.26"]
[SourceVersion "1"]
[SourceVersionDate "2010.11.26"]
[SourceQuality "1"]
[WhiteTeam "Eppstein"]
[BlackTeam "Neuberg"]
[WhiteTeamCountry "GER"]
[BlackTeamCountry "GER"]

1. e4 g6 2. d4 d6 3. Nf3 Bg7 4. h3 Nd7 5. c3 e6 6. Bd3 Ne7 7. Bf4 h6 8. Nbd2 d5 9. e5 c5 10. 0-0 Nc6 11. Be3 Rb8 12. Ne1 b5 13. f4 b4 14. Qg4 bxc3 15. bxc3 cxd4 16. cxd4 Ne7 17. Nc2 Nf5 18. Nb3 Nxe3 19. Nxe3 0-0 20. Rfc1 Re8 21. Rc2 a5 22. Rac1 a4 23. Nd2 Qb6 24. Nf3 Bb7 25. h4 h5 26. Qg5 Nf8 27. Kh2 Rbc8 28. Rc5 Bc6 29. Bb5 Nh7 30. Qg3 Qxb5 31. Rxb5 Bxb5 32. Qe1 Bf8 33. Ng5 Bd7 34. Qd2 Rxc1 35. Qxc1 Rc8 36. Qb2 Nxg5 37. fxg5 Be7 38. Qb7 Rd8 39. Qc7 Kf8 40. g4 hxg4 41. Nxg4 a3 42. Nf6 Bb5 43. Nh7+ Ke8 44. Qb6 Bd7 45. Kg3 Ba4 46. Qa5 Bd7 47. Kg4 Bc6 48. h5 gxh5+ 49. Kxh5 Rc8 50. Qa6 Kd8 51. Qb6+ Rc7 52. Nf6 Kc8 53. Kh6 Bb7 54. Ne8 Rc6 55. Qa5 Kd7 56. Nf6+ Kc8 57. Kg7 Rc7 58. Ne8 Rd7 59. Nd6+ Kb8 60. Qb5 Rd8 1-0

[Event "Hessenliga 0708"]
[Site "Germany"]
[Date "2008.03.30"]
[Round "8.4"]
[White "Beha, Alfred"]
[Black "Steyer, Bernd"]
[Result "1/2-1/2"]
[WhiteElo "2195"]
[BlackElo "2162"]
[PlyCount "22"]
[EventDate "2007.09.30"]
[EventType "team-tourn"]
[EventRounds "9"]
[EventCountry "GER"]
[SourceTitle "EXT 2009"]
[Source "ChessBase"]
[SourceDate "2008.11.26"]
[SourceVersion "1"]
[SourceVersionDate "2008.11.26"]
[SourceQuality "1"]
[WhiteTeam "Frankfurt BvK II"]
[BlackTeam "Eppstein"]
[WhiteTeamCountry "GER"]
[BlackTeamCountry "GER"]

1. Nf3 c5 2. c4 Nc6 3. d4 cxd4 4. Nxd4 g6 5. e4 Bg7 6. Be3 d6 7. Nc3 Nf6 8. Be2 h5 9. h3 Bd7 10. Qd2 Nxd4 11. Bxd4 Be6 1/2-1/2

[Event "Hessenliga 0607"]
[Site "Germany"]
[Date "2006.12.03"]
[Round "5.3"]
[White "Steyer, Bernd"]
[Black "Stockmann, Michael"]
[Result "0-1"]
[WhiteElo "2166"]
[BlackElo "2191"]
[PlyCount "76"]
[EventDate "2006.09.17"]
[EventType "team-tourn"]
[EventRounds "9"]
[EventCountry "GER"]
[SourceTitle "EXT 2008"]
[Source "ChessBase"]
[SourceDate "2007.11.25"]
[SourceVersion "1"]
[SourceVersionDate "2007.11.25"]
[SourceQuality "1"]
[WhiteTeam "Eppstein"]
[BlackTeam "Schoeneck II"]
[WhiteTeamCountry "GER"]
[BlackTeamCountry "GER"]

1. e4 c6 2. d4 d5 3. exd5 cxd5 4. c4 Nf6 5. Nc3 Nc6 6. Nf3 Bg4 7. cxd5 Nxd5 8. Qb3 Bxf3 9. gxf3 e6 10. Qxb7 Nxd4 11. Bb5+ Nxb5 12. Qc6+ Ke7 13. Qxb5 Qd7 14. Nxd5+ Qxd5 15. Qxd5 exd5 16. Be3 Ke6 17. Bd4 Bb4+ 18. Ke2 f6 19. Rac1 Rhc8 20. Kd3 a6 21. Rhg1 g6 22. h3 Kf5 23. a3 Bd6 24. b4 g5 25. Rge1 h5 26. Be3 Rab8 27. Rxc8 Rxc8 28. Rc1 Rxc1 29. Bxc1 Ke6 30. Kd4 Bb8 31. Be3 Ba7+ 32. Kd3 Bxe3 33. Kxe3 h4 34. a4 Kd6 35. Kd4 f5 36. b5 axb5 37. axb5 g4 38. fxg4 fxg4 0-1

[Event "Hessenliga 0607"]
[Site "Germany"]
[Date "2006.10.29"]
[Round "3.4"]
[White "Nimsch, Helmut"]
[Black "Steyer, Bernd"]
[Result "0-1"]
[WhiteElo "2106"]
[BlackElo "2166"]
[PlyCount "82"]
[EventDate "2006.09.17"]
[EventType "team-tourn"]
[EventRounds "9"]
[EventCountry "GER"]
[SourceTitle "EXT 2008"]
[Source "ChessBase"]
[SourceDate "2007.11.25"]
[SourceVersion "1"]
[SourceVersionDate "2007.11.25"]
[SourceQuality "1"]
[WhiteTeam "Frankfurt BvK II"]
[BlackTeam "Eppstein"]
[WhiteTeamCountry "GER"]
[BlackTeamCountry "GER"]

1. d4 d5 2. c4 c6 3. Nc3 e5 4. dxe5 d4 5. Ne4 Qa5+ 6. Nd2 Qxe5 7. Ngf3 Qc5 8. a3 a5 9. Nb3 Qxc4 10. e3 Qd5 11. Nbxd4 Bg4 12. Qc2 Nf6 13. Bc4 Qh5 14. h3 Bxf3 15. Nxf3 Be7 16. 0-0 0-0 17. e4 Nbd7 18. Bf4 Qc5 19. Be3 Qh5 20. Rad1 Rfd8 21. Bf4 Qc5 22. Ng5 Rf8 23. b4 axb4 24. axb4 Qxb4 25. e5 Qa4 26. Qe2 Nd5 27. g3 N7b6 28. Rd4 Nxc4 29. Rxc4 Qa2 30. Qe4 Bxg5 31. Bxg5 Rfe8 32. Rfc1 Qb2 33. Bf4 Ra1 34. Rxa1 Qxa1+ 35. Kg2 Qb2 36. h4 h6 37. h5 Qb3 38. g4 Nf6 39. Rb4 Qe6 40. Qf5 Qxf5 41. gxf5 Nd5 0-1

[Event "Hessenliga 0506"]
[Site "Germany"]
[Date "2005.11.06"]
[Round "4.2"]
[White "Kloninger, Paul"]
[Black "Steyer, Bernd"]
[Result "1-0"]
[WhiteElo "2244"]
[BlackElo "2165"]
[PlyCount "47"]
[EventDate "2005.09.11"]
[EventType "team-tourn"]
[EventRounds "11"]
[EventCountry "GER"]
[SourceTitle "EXT 2007"]
[Source "ChessBase"]
[SourceDate "2006.11.23"]
[SourceVersion "1"]
[SourceVersionDate "2006.11.23"]
[SourceQuality "1"]
[WhiteTeam "Fulda"]
[BlackTeam "Eppstein"]
[WhiteTeamCountry "GER"]
[BlackTeamCountry "GER"]

1. d4 d5 2. Nf3 Bf5 3. g3 c6 4. Bg2 Nf6 5. 0-0 h6 6. c4 dxc4 7. Nbd2 Nbd7 8. Nxc4 Be4 9. Bd2 e6 10. Rc1 Be7 11. Qb3 b6 12. Nce5 c5 13. Nxd7 Nxd7 14. dxc5 0-0 15. cxb6 axb6 16. Rfd1 Bd5 17. Qb5 Rxa2 18. Nd4 Bxg2 19. Kxg2 Nc5 20. Nc6 Qd5+ 21. e4 Qxe4+ 22. f3 Qd3 23. Nxe7+ Kh7 24. Rxc5 1-0

[Event "Hessenliga 0506"]
[Site "Germany"]
[Date "2005.09.11"]
[Round "1.2"]
[White "Koller, Jens"]
[Black "Steyer, Bernd"]
[Result "1-0"]
[WhiteElo "2252"]
[BlackElo "2165"]
[PlyCount "41"]
[EventDate "2005.09.11"]
[EventType "team-tourn"]
[EventRounds "11"]
[EventCountry "GER"]
[SourceTitle "EXT 2007"]
[Source "ChessBase"]
[SourceDate "2006.11.23"]
[SourceVersion "1"]
[SourceVersionDate "2006.11.23"]
[SourceQuality "1"]
[WhiteTeam "Oberursel II"]
[BlackTeam "Eppstein"]
[WhiteTeamCountry "GER"]
[BlackTeamCountry "GER"]

1. e4 c5 2. Nf3 e6 3. d4 cxd4 4. Nxd4 Nf6 5. Nc3 Bb4 6. e5 Qc7 7. exf6 Bxc3+ 8. bxc3 Qxc3+ 9. Qd2 Qxa1 10. fxg7 Rg8 11. c3 Qb1 12. Bd3 Qb6 13. Qg5 h6 14. Qxh6 Qc5 15. 0-0 Qe5 16. Nb5 Na6 17. Qh4 d5 18. Bf4 Qxg7 19. Nd6+ Kd7 20. Bb5+ Kc7 21. Nc4+ 1-0

[Event "Hessenliga 0405"]
[Site "Germany"]
[Date "2005.04.24"]
[Round "9.4"]
[White "Erwes, Theo"]
[Black "Steyer, Bernd"]
[Result "1/2-1/2"]
[WhiteElo "2114"]
[BlackElo "2133"]
[PlyCount "40"]
[EventDate "2004.09.26"]
[EventType "team-tourn"]
[EventRounds "9"]
[EventCountry "GER"]
[SourceTitle "EXT 2006"]
[Source "ChessBase"]
[SourceDate "2005.11.24"]
[SourceVersion "1"]
[SourceVersionDate "2005.11.24"]
[SourceQuality "1"]
[WhiteTeam "Limburg"]
[BlackTeam "Eppstein"]
[WhiteTeamCountry "GER"]
[BlackTeamCountry "GER"]

1. Nf3 d5 2. g3 Nf6 3. Bg2 c6 4. 0-0 Bg4 5. d4 Bxf3 6. Bxf3 Nbd7 7. Nd2 e5 8. dxe5 Nxe5 9. Bg2 Bc5 10. Nf3 Nxf3+ 11. Bxf3 0-0 12. c4 dxc4 13. Qc2 Qb6 14. Qxc4 Rad8 15. b4 Bd4 16. Rb1 Nd7 17. Bf4 a6 18. a4 Ne5 19. Bxe5 Bxe5 20. e3 Rd7 1/2-1/2

[Event "Hessenliga 0304"]
[Site "Germany"]
[Date "2004.03.14"]
[Round "8.4"]
[White "Wendel, Stephan"]
[Black "Steyer, Bernd"]
[Result "1/2-1/2"]
[WhiteElo "2241"]
[BlackElo "2128"]
[PlyCount "35"]
[EventDate "2003.10.??"]
[EventType "team-tourn"]
[EventRounds "9"]
[EventCountry "GER"]
[SourceTitle "EXT 2005"]
[Source "ChessBase"]
[SourceDate "2004.11.15"]
[SourceVersion "1"]
[SourceVersionDate "2004.11.15"]
[SourceQuality "1"]
[WhiteTeam "Frankfurt BvK"]
[BlackTeam "Eppstein"]
[WhiteTeamCountry "GER"]
[BlackTeamCountry "GER"]

1. e4 c5 2. Nf3 e6 3. d4 cxd4 4. Nxd4 Nf6 5. Nc3 Bb4 6. e5 Qc7 7. exf6 Bxc3+ 8. bxc3 Qxc3+ 9. Qd2 Qxa1 10. c3 Qb1 11. Nb5 Qe4+ 12. Be2 Qxg2 13. Nd6+ Kd8 14. Nxf7+ Ke8 15. Nd6+ Kd8 16. Nf7+ Ke8 17. Nd6+ Kd8 18. Nf7+ 1/2-1/2

[Event "Hessenliga 0203"]
[Site "Germany"]
[Date "2003.04.06"]
[Round "9.5"]
[White "Lingelmann, Andreas"]
[Black "Steyer, Bernd"]
[Result "0-1"]
[WhiteElo "2090"]
[BlackElo "2142"]
[PlyCount "68"]
[EventDate "2002.10.??"]
[EventType "team-tourn"]
[EventRounds "9"]
[EventCountry "GER"]
[SourceTitle "EXT 2004"]
[Source "ChessBase"]
[SourceDate "2003.11.25"]
[SourceVersion "1"]
[SourceVersionDate "2003.11.25"]
[SourceQuality "1"]
[WhiteTeam "Baunatal"]
[BlackTeam "Eppstein"]
[WhiteTeamCountry "GER"]
[BlackTeamCountry "GER"]

1. e4 c5 2. Nf3 e6 3. d4 cxd4 4. Nxd4 Nc6 5. Be3 Nf6 6. Bd3 d5 7. exd5 Nxd5 8. Nxc6 bxc6 9. Bd2 Qb6 10. b3 Be7 11. 0-0 Bf6 12. c3 Bb7 13. Qe1 Ba6 14. Qe2 Bxd3 15. Qxd3 Rd8 16. Qe4 0-0 17. Rc1 Qa6 18. a4 Rb8 19. Ra3 Rfd8 20. c4 Nb4 21. Bc3 Bxc3 22. Nxc3 Qb6 23. Raa1 Nd3 24. Rcb1 Nxf2 25. Qf3 Nh3+ 26. Kh1 Rd3 27. a5 Qb4 28. Na2 Qc5 29. Qf1 Nf2+ 30. Kg1 Ne4+ 31. Kh1 Rbxb3 32. Rxb3 Rxb3 33. Rb1 Nf2+ 34. Kg1 Nd1+ 0-1

[Event "Hessenliga 0203"]
[Site "Germany"]
[Date "2003.02.16"]
[Round "7.4"]
[White "Steyer, Bernd"]
[Black "Uhl, Michael"]
[Result "1/2-1/2"]
[WhiteElo "2142"]
[BlackElo "2137"]
[PlyCount "32"]
[EventDate "2002.10.??"]
[EventType "team-tourn"]
[EventRounds "9"]
[EventCountry "GER"]
[SourceTitle "EXT 2004"]
[Source "ChessBase"]
[SourceDate "2003.11.25"]
[SourceVersion "1"]
[SourceVersionDate "2003.11.25"]
[SourceQuality "1"]
[WhiteTeam "Eppstein"]
[BlackTeam "Bensheim"]
[WhiteTeamCountry "GER"]
[BlackTeamCountry "GER"]

1. d4 d5 2. c4 e6 3. Nc3 Nf6 4. cxd5 exd5 5. Bg5 Be7 6. e3 0-0 7. Qc2 h6 8. Bh4 c5 9. dxc5 Qa5 10. Nf3 Qxc5 11. Be2 Be6 12. 0-0 Nc6 13. Rac1 Rac8 14. Bxf6 Bxf6 15. Ne4 Qe7 16. Nxf6+ Qxf6 1/2-1/2

[Event "Hessenliga 0203"]
[Site "Germany"]
[Date "2002.10.27"]
[Round "2.7"]
[White "Steyer, Bernd"]
[Black "Rueger, Erhard"]
[Result "1/2-1/2"]
[WhiteElo "2142"]
[BlackElo "2174"]
[PlyCount "87"]
[EventDate "2002.10.??"]
[EventType "team-tourn"]
[EventRounds "9"]
[EventCountry "GER"]
[SourceTitle "EXT 2004"]
[Source "ChessBase"]
[SourceDate "2003.11.25"]
[SourceVersion "1"]
[SourceVersionDate "2003.11.25"]
[SourceQuality "1"]
[WhiteTeam "Eppstein"]
[BlackTeam "Frankfurt BvK"]
[WhiteTeamCountry "GER"]
[BlackTeamCountry "GER"]

1. e4 c5 2. c3 d6 3. d4 Nf6 4. dxc5 Nc6 5. f3 d5 6. exd5 Qxd5 7. Qxd5 Nxd5 8. Bc4 e6 9. Bxd5 exd5 10. Be3 Ne5 11. b3 Bd7 12. Kd2 a5 13. Na3 b6 14. Re1 0-0-0 15. Nc2 bxc5 16. Bxc5 Nxf3+ 17. Nxf3 Bxc5 18. Ncd4 Bd6 19. Ne5 Be8 20. Ndc6 Bxe5 21. Ne7+ Kc7 22. Rxe5 Bc6 23. Rhe1 g6 24. Kd3 Rd6 25. Kd4 Rhd8 26. Nxc6 Kxc6 27. Re7 Rf6 28. R1e2 Rf4+ 29. Ke3 Rf5 30. g3 Rd7 31. Rxd7 Kxd7 32. Rf2 Re5+ 33. Kd4 Ke6 34. Rf3 f5 35. Re3 Re4+ 36. Kd3 Kd6 37. Kd2 Kc5 38. Kd3 Kd6 39. Ke2 Kc5 40. a3 Kb5 41. Kd2 a4 42. b4 Kc4 43. Rxe4+ dxe4 44. h4 1/2-1/2